The soial origins of violence in Uganda , (Record no. 3334)

MARC details
000 -LEADER
fixed length control field 00521nam a22001937a 4500
003 - CONTROL NUMBER IDENTIFIER
control field OSt
005 - DATE AND TIME OF LATEST TRANSACTION
control field 20160330135750.0
008 - FIXED-LENGTH DATA ELEMENTS--GENERAL INFORMATION
fixed length control field 160330b xxu||||| |||| 00| 0 eng d
020 ## - INTERNATIONAL STANDARD BOOK NUMBER
International Standard Book Number 9970021575
040 ## - CATALOGING SOURCE
Transcribing agency 040a
082 ## - DEWEY DECIMAL CLASSIFICATION NUMBER
Classification number 303.6
Item number KAS 1994
100 ## - MAIN ENTRY--PERSONAL NAME
Personal name Kasozi, A.B.K
9 (RLIN) 7462
245 ## - TITLE STATEMENT
Title The soial origins of violence in Uganda ,
Statement of responsibility, etc. A.B. K Kasozi
260 ## - PUBLICATION, DISTRIBUTION, ETC. (IMPRINT)
Place of publication, distribution, etc. Kampala
Name of publisher, distributor, etc. Fountain publishers
Date of publication, distribution, etc. 1994
300 ## - PHYSICAL DESCRIPTION
Extent iii, 347p;
Other physical details ill :
Dimensions 12 cm
504 ## - BIBLIOGRAPHY, ETC. NOTE
Bibliography, etc Includes index
650 ## - SUBJECT ADDED ENTRY--TOPICAL TERM
Topical term or geographic name as entry element Violence
9 (RLIN) 7463
942 ## - ADDED ENTRY ELEMENTS (KOHA)
Source of classification or shelving scheme Dewey Decimal Classification
Koha item type Short Loan
Holdings
Withdrawn status Lost status Source of classification or shelving scheme Damaged status Not for loan Home library Current library Date acquired Inventory number Total Checkouts Full call number Barcode Date last seen Price effective from Koha item type Source of acquisition
    Dewey Decimal Classification     MUST Main Library MUST Main Library 30/03/2016 2005/24218   303.6 KAS 1994 2016-0538 30/03/2016 30/03/2016 Short Loan  
    Dewey Decimal Classification     MUST Main Library MUST Main Library 08/04/2016 15332   303.6 KAS 1994 2016-0682 08/04/2016 08/04/2016 Short Loan  
    Dewey Decimal Classification     MUST Main Library MUST Main Library 15/02/2021 15331   303.6 KAS 1994 2021-0124 15/02/2021 15/02/2021 Open Shelf Purchase